000 00601nam a2200229Ia 4500
003 OSt
005 20220928115106.0
006 a|||||r|||| 00| 0
007 ta
008 220927b |||||||| |||| 00| 0 eng d
024 _a64213
037 _cTextual
040 _aSDCL
_cSDCL
_beng
041 _2eng
_aeng
082 _a2:5, P3
100 _aKumar P.S.G.
_9406857
245 0 _aKnowledge Organization, Information Processng and Retrieval
260 _aDelhi
_bB.R.
_c2003
300 _ax,545p.
_ccm.
942 _h2:5, P3
_cTEXL
_2CC
999 _c758176
_d758176